Statistiken für Landkreise und kreisfreie Städte Deutschlands mit "F"

Klicken Sie hier um das Quiz zu spielen!

Allgemein

  • Dieses Quiz wurde 330 mal gespielt
  • Das Durchschnittsergebnis liegt bei 10 aus 14

Antwortstatistiken

BundeslandKreis% Korrekt
HessenFrankfurt am Main
97%
BrandenburgFrankfurt (Oder)
97%
HessenFulda
82%
Baden-WürttembergFreiburg im Breisgau
78%
BayernForchheim
72%
Schleswig-HolsteinFlensburg
71%
BayernFürth
71%
BayernFürth
71%
BayernFreising
69%
Rheinland-PfalzFrankenthal (Pfalz)
62%
BayernFürstenfeldbruck
58%
BayernFreyung-Grafenau
52%
NiedersachsenFriesland
52%
Baden-WürttembergFreudenstadt
48%

Verteilung der Resultate

Perzentil nach korrekt beantworteten Fragen

Anzahl Personen mit jedem Resultat

Ihre Resultats-Entwicklung

Sie haben dieses Quiz noch nicht gespielt